Qui a dit cette réplique Marvel #15 - Statistiques

Statistiques générales
  • Ce quiz a été pris 480 fois
    137 depuis la dernière actualisation
  • Le résultat moyen est 8 sur 18
Statistiques - réponses
Hint Réplique Réponse % Correct
4 Je vais quitter cette réalité et aller vers une où je peux être avec mes enfants. La sorcière rouge (Wanda Maximoff)
93%
6 Quand tu sauves quelqu'un t'en fais pas trop d'accord ? Tu la joues modeste ou tu passeras pour un prétentieux. Iron man (Tony Stark)
89%
18 Si on ne défend pas la galaxie, qui le fera ? Star Lord (Peter Quill)
89%
16 C'est tout récent, je suis encore un peu énervé. Thor
74%
7 C'est pas parce que c'est la solution apparement la plus facile que c'est forcement la mauvaise solution. Black Widow (Natasha Romanoff)
71%
2 Il n'y a pas d'homme comme moi. Loki
64%
14 Je crois que j'ai enfin compris pourquoi l'armure compte tellement pour toi. Pepper Potts
61%
13 Tu parles d'un déguisement. C'est nous sauf qu'on dirait qu'on va à un match de Baseball. Ant man (Scott Lang)
56%
3 Mais leurs échecs sont bienveillants et ça t'a échappé, hein ? Vision
50%
11 Tu t'es fait éclaté par une collégienne ! Falcon (Sam Wilson)
39%
17 Alors ce que je vois la, c'est une sorcière en herbe obsédée par les sitcoms. Agatha Harkness
28%
8 On dirait que tu avais vraiment une relation très intime avec ce marteau. Korg
26%
5 Vous observez le monde à travers un trou de serrure. L'ancien
20%
12 Vous voulez vraiment me faire croire que vous allez me balancer du toit ? Jasper Sitwell
14%
15 S'il te touche encore je l'empale sur son bureau. Okoye
14%
1 Mon unique regret c'est que toi cette chance t'a était refusé. Peggy Carter
13%
10 C'est parce que je m'inquiète que vous avez survécu à ces défis. Frigga
10%
9 Dit nous au moins si on doit s'inquiéter ? Lila Barton
5%
Aucun quiz correspondant
Distribution des résultats
% des personnes avec chaque résultat
Percentile par nombre de réponses
Votre historique - résultats
Vous n’avez pas pris ce quiz depuis la dernière actualisation